000 00802nam a2200253Ia 4500
003 OSt
005 20220930093232.0
006 a|||||r|||| 00| 0
007 ta
008 220926b |||||||| |||| 00| 0 eng d
024 _a35672
037 _cTheses
040 _aCRL
_cCRL
_beng
041 _2eng
_aeng
100 _aMOHANTY Simple Au.
_9551300
110 _aUniversity of Delhi. Arts. Political Science
_9551301
245 0 _aReligio-Political Mobilization in Jammu and Kashmir
_b Civil Society and the Amarnath Land Issue.
260 _c2015
300 _a191p.
_ap.
_ccm.
700 _a Prof. Ashok Acharya Gu.
_9550255
700 _aUniversity of Delhi. Arts. Political Science
_9551302
942 _cDIS
_2CC
999 _c885058
_d885058